Movies Quiz

Random Movies or Letter Quiz

Movie Hangman II Quiz Stats

Quiz Updated Oct 6, 2017

Also try: Movie Hangman
Challenge
Share
Tweet
Embed
Score 0/108 Timer 04:00
0 Plays Today
Movie % Correct
E5???
95.8%
A6???
93.4%
S5???
92.6%
E6???
91.6%
R5???
90.9%
S6???
89.7%
E7???
89.2%
R6???
88.5%
H5???
86.5%
T7???
85.7%
G6???
85.1%
K5???
85%
I7???
84.4%
A8???
84.3%
R7???
84%
O7???
83.1%
*5 LETTER*???
82.9%
*6 LETTER*???
82.8%
X6???
80.8%
X5???
80.3%
Z6???
80.3%
Z5???
80%
Q5???
78.9%
Q6???
78.8%
V6???
78.4%
G7???
78%
V5???
77.8%
J6???
77.1%
I8???
77.1%
Y6???
76%
J5???
75.8%
N8???
75.5%
V7???
74.6%
K6???
74.5%
W6???
74.2%
L8???
73%
Movie % Correct
*7 LETTER*???
73%
B8???
72.2%
F6???
70.7%
H8???
70.3%
W5???
69.5%
X7???
69.1%
F5???
68.5%
Z7???
68.3%
U6???
68.1%
H6???
67.7%
Q7???
67.1%
*8 LETTER*???
66.9%
P6???
65.5%
G5???
65.4%
B6???
64.9%
X8???
64.3%
Q8???
63.8%
Z8???
63.7%
D6???
63.4%
M6???
62.4%
B5???
62%
C6???
61.5%
J7???
61.5%
V8???
61%
J8???
60.4%
Y7???
60.2%
Y5???
59.8%
O6???
59.8%
I6???
58.6%
K8???
58.3%
K7???
57.9%
Y8???
57.9%
P5???
57.5%
W8???
57.5%
M5???
57.5%
W7???
57.3%
Movie % Correct
L6???
56.9%
D5???
55.3%
N6???
54.6%
F8???
53.4%
F7???
53.3%
L5???
52.2%
P8???
51.1%
C5???
50.5%
G8???
49.1%
N5???
48.6%
H7???
48.6%
U7???
47.8%
P7???
46.8%
B7???
45%
D8???
44.2%
U8???
44%
U5???
41.7%
C8???
41.2%
D7???
40.9%
C7???
40.5%
T6???
38.9%
M8???
38.9%
M7???
37.8%
L7???
36.4%
O8???
34.1%
O5???
33.9%
T5???
33.3%
I5???
32.2%
N7???
26.8%
R8???
24.6%
A5???
20.8%
T8???
20.5%
S7???
19.6%
S8???
19.2%
E8???
15.9%
A7???
13.8%

You're not logged in!

Compare scores with friends on all Sporcle quizzes.
Sign Up with Email
OR
Log In

You Might Also Like...

Show Comments

Extras

Top Quizzes Today


Score Distribution

Your Account Isn't Verified!

In order to create a playlist on Sporcle, you need to verify the email address you used during registration. Go to your Sporcle Settings to finish the process.